|
|
|
|
| LEADER |
00000nam a22000007a 4500 |
| 005 |
20180710225733.0 |
| 007 |
cr|||| |||| |
| 008 |
180710s2018 br |||||s|||| 00||0 por d |
| 020 |
|
|
|a 978-85-361-9578-0
|
| 035 |
|
|
|a 21784
|
| 040 |
|
|
|a vLex
|
| 090 |
|
|
|c 8006
|d 8006
|
| 100 |
1 |
|
|a de Jess︢ C. Morais, Ocľio
|
| 245 |
1 |
0 |
|a Previdn̊cia social na CLT
|h [Recurso electrn̤ico] /
|c Ocľio de Jess︢ C. Morais
|
| 256 |
|
|
|a Servicio en ln̕ea
|
| 260 |
|
|
|a San Pablo:
|b LTR,
|c 2018
|
| 300 |
|
|
|a 1 recurso electrn̤ico
|
| 500 |
|
|
|a Previdn̊cia social na CLT ̌um livro que analisa com profundidade tčnica diversas situaė̳s de repercusse̳s previdencir̀ias do contrato de trabalho subordinado (direto, terceirizado, quarteirizado, intermitente) e da relaȯ̂ de trabalho (contribuinte individual) ̉luz das Leis ordinr̀ias ns. 6.019/1974, 13.429/2017, 13.467/2017, 8.212/91, 8.213/91, 13.352/2016 (Parceiro-Salô), do Decreto n. 3.048/99, da MP n. 808/2017, das Leis Complementares n. 123/2006, 39/2011, 47/2014, 155/2016 e da CRFB de 1988. Essa regulaȯ̂ normativa brasileira ̌analisada em cotejo com a jurisprudn̊cia do TST e do STF, sempre na perspectiva de esclarecer os direitos previdencir̀ios do trabalhador segurado na CLT – direitos que atrelam o regime de competn̊cia jurisdicional da Justiȧ do Trabalho s̉ causas trabalhistas-previdencir̀ias.
|
| 506 |
1 |
|
|a Disponible solo en los productos indicados
|d vLex Global
|d vLex Global (Academic Edition, excluding Law Schools)
|d vLex Global (U.S. Academic Edition, Law Schools)
|d vLex Global (U.S. Academic Edition, excluding Law Schools)
|d vLex Global (Academic Edition, Law Schools)
|
| 650 |
0 |
4 |
|a Derecho Laboral y Seguridad Social
|z Brasil
|
| 650 |
0 |
4 |
|a Seguridad Social
|z Brasil
|
| 740 |
0 |
|
|a vLex Libros (Servicio en ln̕ea)
|
| 856 |
4 |
0 |
|u http://vlex.com/source/previd-ncia-social-na-clt-21784
|z Acceso restringido
|
| 942 |
|
|
|c BOOK
|
| 999 |
0 |
|
|a Labor Law and Social Security
|
| 999 |
0 |
|
|a Social Security
|